| 000 | 00749nam a22002297a 4500 | ||
|---|---|---|---|
| 999 |
_c16244 _d16244 |
||
| 003 | AR-CdUCM | ||
| 008 | 190502b ||||| |||| 00| 0 spa d | ||
| 040 |
_aMUNICIPALIDAD PROVINCIAL DEL CUSCO _cBIBLIOTECA MUNICIPAL DEL CUSCO |
||
| 082 |
_a974 / _bM47 |
||
| 100 |
_aTorres Bodet, Jaime _916586 |
||
| 245 |
_aMéxico : _bcincuenta años de revolución / |
||
| 260 |
_aMéxico D.F : _bFondo de Cultura Económica, _c1962. |
||
| 300 |
_a635 páginas ; _c23.5 cm. |
||
| 505 | _aContenido: t.4. La cultura. | ||
| 650 |
_aMéxico _918 |
||
| 650 |
_aCondiciones económicas _91989 |
||
| 700 |
_aCano, Celerino _935576 |
||
| 700 |
_aGallo M., Victor _935577 |
||
| 700 |
_aLarroyo, Francisco _935578 |
||
| 942 |
_2ddc _cLIBROS |
||
| 945 |
_aacv _d2019-05-02 |
||